• 首页
  • 本馆介绍
  • 公告通知
  • 最新文献
  • 馆藏检索
  • 电子资源
  • 读者导购
  • 参考咨询
  • 我的图书馆
  • 登录
  • 详细信息显示
  • 放入我的书架
  • 预约/预借图书
  • 作者相关作品
  • 分类相关作品
  • 丛书相关作品
  • 出版社相关作品

书目信息

  • 表格格式
  • 工作单格式
  • 卡片格式
题名:
绘画基础
    
 
作者: 李凤娇 , 张东明 主编
分册:  
出版信息: 北京   航空工业出版社  2018
页数: 204页
开本: 26cm
丛书名: 学前教育专业“十三五”规划教材
单 册:
中图分类: J21
科图分类:
主题词: 绘画技法--Hui Hua Ji Fa--中等专业学校--教材
电子资源:
ISBN: 978-7-5165-1727-7
000 01477nam 2200325 450
001 012001008607
005 20131023132135.0
010    @a978-7-5165-1727-7@dCNY59.80
099    @aCAL 012018192487
100    @a20180907d2018 em y0chiy50 ea
101 0  @achi
102    @aCN@b110000
105    @aa a 000yy
106    @ar
200 1  @a绘画基础@AHui Hua Ji Chu@f主编李凤娇,张东明
210    @a北京@c航空工业出版社@d2018
215    @a204页@c图 (部分彩图)@d26cm
225 2  @a学前教育专业“十三五”规划教材@AXue Qian Jiao Yu Zhuan Ye“Shi San Wu”Gui Hua Jiao Cai
225 2  @a“互联网+”学前教育专业立体化教材@A“Hu Lian Wang +”Xue Qian Jiao Yu Zhuan Ye Li Ti Hua Jiao Cai
320    @a有书目(第204页)
330    @a本书按绘画基础、造型、色彩、技法、创编、综合训练的顺序安排全书内容,用基础知识、作品欣赏和训练相结合的方式编写,精讲知识点,多安排作品欣赏以培养学生的审美能力,多安排训练以培养学生的绘画技能。全书分为九章,内容涵盖绘画基础知识、素描、造型设计、色彩基础知识、色彩表现、绘画创编、拓展训练、模拟课堂等。
333    @a本书可作为各类院校学前教育专业的专用教材,也可供各类培训机构和相关从业人员使用
410  0 @12001 @a学前教育专业“十三五”规划教材
410  0 @12001 @a“互联网+”学前教育专业立体化教材
606 0  @a绘画技法@AHui Hua Ji Fa@x中等专业学校@j教材
690    @aJ21@v5
701  0 @a李凤娇@ALi Feng Jiao@4主编
701  0 @a张东明@AZhang Dong Ming@4主编
801  0 @aCN@b上海新华@c20191020
905    @b1181219-22@dJ21@e1082@f4
    
    绘画基础/主编李凤娇,张东明.-北京:航空工业出版社,2018
    204页:图 (部分彩图);26cm.-(学前教育专业“十三五”规划教材).-(“互联网+”学前教育专业立体化教材)
    使用对象:本书可作为各类院校学前教育专业的专用教材,也可供各类培训机构和相关从业人员使用
    
    ISBN 978-7-5165-1727-7:CNY59.80
    本书按绘画基础、造型、色彩、技法、创编、综合训练的顺序安排全书内容,用基础知识、作品欣赏和训练相结合的方式编写,精讲知识点,多安排作品欣赏以培养学生的审美能力,多安排训练以培养学生的绘画技能。全书分为九章,内容涵盖绘画基础知识、素描、造型设计、色彩基础知识、色彩表现、绘画创编、拓展训练、模拟课堂等。
●
相关链接 在E读中查询图书 在五车中查询图书 在当当中查询图书 在豆瓣中查询图书


正题名:绘画基础     索取号:J21/1082         预约/预借

序号 登录号 条形码 馆藏地/架位号 状态 备注
1 1181219   211812190   第一样本阅览室/ [索取号:J21/1082] 在馆    
2 1181220   211812207   第一借阅区/ [索取号:J21/1082] 在馆    
3 1181221   211812216   第一借阅区/ [索取号:J21/1082] 在馆    
4 1181222   211812225   第一借阅区/ [索取号:J21/1082] 在馆    
唐山师范学院图书馆 欢迎您!
大连网信软件有限公司© 版权所有